Employment trade, and development :
محفوظ في:
| المؤلف الرئيسي: | |
|---|---|
| التنسيق: | كتاب |
| اللغة: | Undetermined |
| منشور في: |
Geneva
A. W. Sijthoff- Leiden
1977
|
| الموضوعات: | |
| الوسوم: |
إضافة وسم
لا توجد وسوم, كن أول من يضع وسما على هذه التسجيلة!
|
| Thư viện lưu trữ: | Trung tâm Học liệu Trường Đại học Cần Thơ |
|---|
| LEADER | 00539nam a2200193Ia 4500 | ||
|---|---|---|---|
| 001 | CTU_81804 | ||
| 008 | 210402s9999 xx 000 0 und d | ||
| 082 | |a 330.9 | ||
| 082 | |b M511 | ||
| 100 | |a Meier, Gerald M. | ||
| 245 | 0 | |a Employment trade, and development : | |
| 245 | 0 | |c Gerald M. Meier | |
| 260 | |a Geneva | ||
| 260 | |b A. W. Sijthoff- Leiden | ||
| 260 | |c 1977 | ||
| 650 | |a Foreign trade and employment | ||
| 650 | |x Developing countries | ||
| 904 | |i Trọng Hải | ||
| 980 | |a Trung tâm Học liệu Trường Đại học Cần Thơ | ||